Central Library OPAC University of Rajshahi

সাম্প্রদায়িকতাবিরোধী বাংলাদেশ / (Record no. 75162)

MARC details
000 -LEADER
fixed length control field 00998nam a2200229 a 4500
001 - CONTROL NUMBER
control field 75162
003 - CONTROL NUMBER IDENTIFIER
rucl marc code BD-RjUL
005 - DATE AND TIME OF LATEST TRANSACTION
control field 20211209082644.0
008 - FIXED-LENGTH DATA ELEMENTS--GENERAL INFORMATION
fixed length control field 190127s2018 bg o|||| |||| 00| 0 ben d
035 ## - SYSTEM CONTROL NUMBER
System control number (BD-RjUL)75380
040 ## - CATALOGING SOURCE
Original cataloging agency BD-RjUL
Language of cataloging ben
Transcribing agency BD-RjUL
Modifying agency BD-RjUL
Description conventions BD-RjUL
041 ## - LANGUAGE CODE
Language code of text/sound track or separate title ben
082 ## - DEWEY DECIMAL CLASSIFICATION NUMBER
Edition number 23
Author mark and year TIS 2018
Classification number 920.00795492
100 1# - MAIN ENTRY--PERSONAL NAME
Relator code তিমির, জাহান শ
245 1# - TITLE STATEMENT
Title সাম্প্রদায়িকতাবিরোধী বাংলাদেশ /
Statement of responsibility, etc. জাহান শ তিমির
260 ## - PUBLICATION, DISTRIBUTION, ETC. (IMPRINT)
Name of publisher, distributor, etc. সূর্যবার্তা,
-- পরিবেশক : জাতীয় সাহিত্য প্রকাশ,
Date of publication, distribution, etc. ২০১৮
300 ## - PHYSICAL DESCRIPTION
Pagination ৫১০ পৃ. :
Illustrations চিত্র ;
Size ২২ সেমি.
500 ## - GENERAL NOTE
General note Samprodaikatabirodhi Bangladesh / by Jahan S. Timir.
650 ## - SUBJECT ADDED ENTRY--TOPICAL TERM
Topical term or geographic name as entry element কীর্তিমান
Geographic subdivision বাংলাদেশ
Form subdivision জীবনী
9 (RLIN) 227421
Topical term or geographic name as entry element Celebrities
Geographic subdivision Bangladesh
Form subdivision Biography
9 (RLIN) 170960
942 ## - ADDED ENTRY ELEMENTS (KOHA)
Source of classification or shelving scheme Dewey Decimal Classification
Koha item type Books
Holdings
Lost status Source of classification or shelving scheme Damaged status Not for loan Collection code Permanent Location Current Location Shelving location Date acquired Source of acquisition Cost, normal purchase price Total Checkouts Full call number Date last seen Copy number Koha item type
  Dewey Decimal Classification   Not For Loan Non-fiction Central Library, University of Rajshahi Central Library, University of Rajshahi Reading Room 07/06/2018 Sumi Khan, Dhaka 550.00   B 920.00795492 TIS 2018 27/01/2019 C-1 Books
  Dewey Decimal Classification     Non-fiction Central Library, University of Rajshahi Central Library, University of Rajshahi   07/06/2018 Sumi Khan, Dhaka 550.00   B 920.00795492 TIS 2018 27/01/2019 C-2 Books
  Dewey Decimal Classification     Non-fiction Central Library, University of Rajshahi Central Library, University of Rajshahi   07/06/2018 Sumi Khan, Dhaka 550.00   B 920.00795492 TIS 2018 27/01/2019 C-3 Books